[Event "Prague Golden U18 op"]
[Site "Prague"]
[Date "2023.06.24"]
[Round "7"]
[White "Panek, Daniel"]
[Black "Jakoubek, Stepan"]
[Result "1/2-1/2"]
[WhiteElo "1452"]
[BlackElo "1246"]
[PlyCount "43"]
[EventDate "2023.06.24"]
[EventType "swiss"]
[EventRounds "9"]
[EventCountry "CZE"]
[SourceTitle "CBM 215 Extra"]
[Source "ChessBase"]
[SourceDate "2023.09.30"]
[SourceVersion "1"]
[SourceVersionDate "2023.09.30"]
[SourceQuality "1"]

1. e4 c6 2. d4 d5 3. exd5 cxd5 4. Bd3 Nc6 5. c3 Nf6 6. Bf4 g6 7. Nd2 Bg7 8. Ngf3 Bg4 9. Qc2 Bxf3 10. Nxf3 0-0 11. 0-0 Nh5 12. Bd2 Rc8 13. Qb3 b6 14. Rfe1 e6 15. Rac1 Re8 16. Bb5 Qd6 17. a3 Na5 18. Qb4 Qxb4 19. axb4 Nb3 20. Bxe8 Nxc1 21. Bxf7+ Kf8 22. Be8 1/2-1/2

[Event "Prague Golden Blitz op"]
[Site "Prague"]
[Date "2023.06.18"]
[Round "5"]
[White "Korniichuk, Oleksandra"]
[Black "Panek, Daniel"]
[Result "1-0"]
[WhiteElo "1830"]
[BlackElo "1427"]
[PlyCount "47"]
[EventDate "2023.06.18"]
[EventType "swiss (blitz)"]
[EventRounds "11"]
[EventCountry "CZE"]
[SourceTitle "CBM 215 Extra"]
[Source "ChessBase"]
[SourceDate "2023.09.30"]
[SourceVersion "1"]
[SourceVersionDate "2023.09.30"]
[SourceQuality "1"]

1. e4 e5 2. Nf3 Nc6 3. Nc3 Nf6 4. d4 exd4 5. Nxd4 Bc5 6. Be3 Qe7 7. Nxc6 dxc6 8. Bxc5 Qxc5 9. Bd3 Be6 10. 0-0 0-0 11. Qf3 Rad8 12. Rae1 Qh5 13. Qf4 Rd7 14. Ne2 Qg4 15. Qe3 Rfd8 16. h3 Qh5 17. Nf4 Qa5 18. Nxe6 fxe6 19. a3 Qb6 20. b3 Qxe3 21. Rxe3 Kf7 22. Rfe1 Rd6 23. a4 Ke7 24. e5 1-0